| 000 | 00864nmc a2200313 a 4500 | ||
|---|---|---|---|
| 003 | AR-BaBNM | ||
| 005 | 20251128204044.0 | ||
| 008 | 285019s1992 ||||||||||||||000 | spa|| | ||
| 020 | _a950-25-2629-4 | ||
| 040 | _cAR-BaBNM | ||
| 245 | 1 | 0 |
_aEl cuento argentino _b[antología] |
| 260 |
_aBuenos Aires _bCentro Editor de América Latina _c1992 |
||
| 300 | 1 | _avi, 275 p. | |
| 490 | 0 | _aBiblioteca básica Argentina. Serie F | |
| 650 | 4 | _aLITERATURA ARGENTINA | |
| 650 | 4 | _aANTOLOGIAS | |
| 650 | 4 | _aHISTORIA LITERARIA | |
| 653 | 0 | _aCUENTOS ARGENTINOS | |
| 653 | 0 | _aMODERNIDAD | |
| 655 | _aLITERATURA | ||
| 700 | 1 | _aPayro, Roberto J. | |
| 700 | 1 | _aQuiroga, Horacio | |
| 700 | 1 | _aBorges, Jorge Luis | |
| 700 | 1 | _aCortázar, Julio | |
| 700 | 1 |
_aSarlo, Beatriz _eselección |
|
| 700 | 1 |
_aVisconti, Sergio _ecomentarios |
|
| 942 | _cBK | ||
| 998 | _cEthel | ||
| 999 |
_c5989 _d5989 |
||